000 00692nam a2200241Ia 4500
003 OSt
005 20221005084550.0
006 a|||||r|||| 00| 0
007 ta
008 221004b |||||||| |||| 00| 0 eng d
024 _a18349
037 _bGift, 01/06/2015,
_cTextual
040 _aCRL
_cCRL
_beng
041 _2eng
_aeng
082 _aO111,3M35:g, K2
100 _aSimth Henry Nash
_9613400
245 0 _aMark Twain
_bThe development of a wirter
260 _aNew York
_bAtheneum USA
_c1962
300 _a212p.
_ccm.
650 _aENGLISH LITERATURE
942 _hO111,3M35:g, K2
_cTEXL
_2cc
999 _c992795
_d992795